000 00423nmm a2200157Ia 4500
008 251105s9999||||xx |||||||||||||||||und||
041 _aspa
100 _aJosé Luis Serrano
245 0 _aHermano
264 _a[Madrid, España] :
_bEditorial Egales,
_c2018
300 _a260 páginas
490 _aNarrativa
650 _aSpanish narrative
856 _uhttps://public.digitaliapublishing.com/a/160863
942 _cCF
999 _c100207
_d100207